书目信息 |
| 题名: |
血战太平洋
|
|
| 作者: | 威斯特 , 莫特逊 著 | |
| 分册: | ||
| 出版信息: | 北京 国际文化出版公司 2002.06 |
|
| 页数: | 314页 | |
| 开本: | 26cm | |
| 丛书名: | ||
| 单 册: | ||
| 中图分类: | K , E195.2 | |
| 科图分类: | ||
| 主题词: | 军事--世界 | |
| 电子资源: | ||
| ISBN: | 7-80173-074-7 | |
| 000 | 00623nam0 2200217 45 | |
| 001 | 0355727447 | |
| 005 | 2003041515284744 | |
| 010 | @a7-80173-074-7@b压膜@dRMB 39.80 | |
| 100 | @a20030415d2002 km y0chiy0120 ea | |
| 101 | 0 | @achi |
| 102 | @aCN@b110000 | |
| 200 | 1 | @a血战太平洋@Axue zhan tai ping yang@f(美)威斯特,莫特逊著@F(mei)wei si te,mo te xun zhu |
| 210 | @a北京@c国际文化出版公司@d2002.06 | |
| 215 | @a314页@d26cm | |
| 606 | 0 | @a军事@x世界 |
| 690 | @aK@v3 | |
| 690 | @aE195.2@v4 | |
| 701 | 0 | @a威斯特@Awei si te@4著 |
| 701 | 0 | @a莫特逊@Amo te xun@4著 |
| 801 | 0 | @aCN@bPFT@c20030415 |
| 905 | @a10447@dE195.2@eW500 | |
| 血战太平洋/(美)威斯特,莫特逊著.-北京:国际文化出版公司,2002.06 |
| 314页;26cm |
| ISBN 7-80173-074-7(压膜):RMB 39.80 |
| ● |
| 相关链接 |
|
|
|
正题名:血战太平洋
索取号:E195.2/W500
 
预约/预借
| 序号 | 登录号 | 条形码 | 馆藏地/架位号 | 状态 | 备注 |
| 1 | 365552 | 203655525 | 社科库509/509社科库 116排2列1层/ [索取号:E195.2/W500] | 在馆 |